[Event "Tournoi francophone 007 Groupe D"]
[Site "Skype"]
[Date "????.??.??"]
[Round "1.1"]
[White "Porcabeuf, Jean-Marc"]
[Black "Farthouat, Catherine"]
[Result "1-0"]
[WhiteElo "1224"]
[BlackElo "1087"]
[PlyCount "51"]

1. d4 d5 2. Nf3 Nf6 3. c3 e6 4. e3 Be7 5. Bd3 O-O 6. O-O Nc6 7. Nbd2 b6 8. Re1
Bb7 9. a4 Re8 10. e4 Na5 11. e5 Nh5 12. Nf1 c5 13. Bc2 Qc7 14. Qd3 g6 15. Bh6
f6 16. exf6 Nxf6 17. Ng3 Ng4 18. Ne5 Nxh6 19. Nxg6 Bf6 20. Ne5 Bg7 21. Nh5 Nc4
22. Qxh7+ Kf8 23. Ng6+ Kf7 24. Re3 e5 25. Rf3+ Ke6 26. Nxg7+ 1-0

[Event "Tournoi francophone 007 Groupe D"]
[Site "Skype"]
[Date "????.??.??"]
[Round "1.2"]
[White "Bustos, Ricardo"]
[Black "Guillaume, Mickael"]
[Result "1/2-1/2"]
[WhiteElo "1250"]
[BlackElo "1282"]
[PlyCount "67"]

1. d4 d5 2. Nf3 Nc6 3. Bf4 e6 4. e3 Bd7 5. Bd3 Bd6 6. Bxd6 cxd6 7. c4 Nf6 8.
Nc3 Rc8 9. a3 Na5 10. cxd5 exd5 11. Nb5 Nc6 12. Nxd6+ Ke7 13. Nxc8+ Bxc8 14.
O-O Re8 15. Rc1 Kf8 16. Ng5 Kg8 17. Qc2 g6 18. b4 Ng4 19. b5 Ne7 20. h3 Nf6 21.
Nf3 Kg7 22. Ng5 Neg8 23. Qc7 Qd7 24. Qxd7 Nxd7 25. Rc7 h6 26. Nf3 Ne7 27. Ne5
Nxe5 28. dxe5 a5 29. bxa6 bxa6 30. Rfc1 h5 31. Rxc8 Nxc8 32. Bxa6 Nb6 33. Rc6
Nd7 34. Rc8 1/2-1/2

[Event "Tournoi francophone 007 Groupe D"]
[Site "Skype"]
[Date "????.??.??"]
[Round "1.3"]
[White "Battaglia, Gabriele"]
[Black "Moumtaz, Abderrahim"]
[Result "1-0"]
[WhiteElo "1264"]
[BlackElo "1338"]
[PlyCount "60"]

1. d4 d5 2. g3 Nf6 3. Bg2 c6 4. Nf3 Nbd7 5. O-O e6 6. Nbd2 Bd6 7. c4 O-O 8. Re1
Re8 9. b3 e5 10. dxe5 Nxe5 11. Nxe5 Bxe5 12. Rb1 Be6 13. e4 d4 14. Nf3 Bg4 15.
Qd3 c5 16. Nxe5 Rxe5 17. Bf4 Re8 18. e5 Nh5 19. Bd2 Rb8 20. h3 Be6 21. g4 g6
22. gxh5 gxh5 23. Bh6 Kh8 24. Kh1 Rg8 25. Be4 Bxh3 26. Qxh3 h4 27. Rg1 Rxg1+
28. Rxg1 Qe7 29. Rg7 Qxe5 30. Qxh4 Qxg7 1-0

[Event "Tournoi francophone 007 Groupe D"]
[Site "Skype"]
[Date "????.??.??"]
[Round "1.4"]
[White "Bucherie, Volcy"]
[Black "Lemoine, Gerard"]
[Result "1-0"]
[WhiteElo "1255"]
[BlackElo "1396"]
[PlyCount "75"]

1. d4 d5 2. c4 Bf5 3. Nc3 e6 4. Nf3 c5 5. Bf4 Qb6 6. b3 Nc6 7. Nb5 Rc8 8. e3 a6
9. Nd6+ Bxd6 10. Bxd6 cxd4 11. exd4 Nf6 12. Be2 Ne4 13. c5 Qa5+ 14. Nd2 Nxd4
15. O-O Nc3 16. Qe1 Ndxe2+ 17. Kh1 Bd3 18. Nf3 f6 19. Qd2 Bg6 20. Qe3 Kd7 21.
Ne5+ Ke8 22. Nxg6 Ne4 23. Nxh8 N2c3 24. Qh3 Ng5 25. Qh5+ Kd7 26. Nf7 Nce4 27.
Ne5+ fxe5 28. Bxe5 Qxc5 29. Bxg7 Qe7 30. Qh6 Rg8 31. Rac1 Nf7 32. Qxh7 Nf6 33.
Bxf6 Ng5 34. Qxg8 Qxf6 35. Qc8+ Kd6 36. Qb8+ Ke7 37. Qxb7+ Kf8 38. Rc8+ 1-0

[Event "Tournoi francophone 007 Groupe D"]
[Site "Skype"]
[Date "????.??.??"]
[Round "1.5"]
[White "Vervoort, Jean-Louis"]
[Black "Riviere, Perrine"]
[Result "1-0"]
[WhiteElo "1307"]
[BlackElo "1276"]
[PlyCount "61"]

1. d4 d5 2. c4 e6 3. a3 Nf6 4. Bg5 Be7 5. Nc3 O-O 6. e3 Nc6 7. Nf3 a6 8. Bd3
dxc4 9. Bxc4 Nd5 10. Bxe7 Ncxe7 11. O-O Re8 12. h3 c6 13. Qd3 b5 14. Ba2 Nf5
15. Rac1 Bb7 16. e4 Nxc3 17. Rxc3 Nh4 18. g3 Nxf3+ 19. Qxf3 Rf8 20. Qd3 Qd7 21.
Bb1 e5 22. Rfc1 Rac8 23. d5 cxd5 24. exd5 Qxh3 25. Qe4 f6 26. g4 Rxc3 27. Rxc3
Qh4 28. Kg2 f5 29. Qxe5 Qxg4+ 30. Rg3 Qh5 31. Qxg7# 1-0

[Event "Tournoi francophone 007 Groupe D"]
[Site "Skype"]
[Date "????.??.??"]
[Round "2.1"]
[White "Farthouat, Catherine"]
[Black "Riviere, Perrine"]
[Result "0-1"]
[WhiteElo "1087"]
[BlackElo "1276"]
[PlyCount "112"]

1. c4 e5 2. Nc3 Nc6 3. g3 Nf6 4. d3 d5 5. cxd5 Nxd5 6. Bd2 Bb4 7. Bg2 Be6 8.
Qc2 Qd7 9. Rd1 Nxc3 10. Bxc3 Bxc3+ 11. Qxc3 Bxa2 12. Nf3 Bd5 13. O-O Bxf3 14.
Bxf3 O-O 15. e3 Rab8 16. d4 exd4 17. exd4 Rfe8 18. d5 Ne5 19. Be4 b6 20. Qc2 g6
21. f4 Ng4 22. Rfe1 f5 23. Bd3 Ne3 24. Qb3 Nxd1 25. Rxd1 Qf7 26. Bc4 Kg7 27.
Kg2 Rbd8 28. Kf3 Qf6 29. h4 c5 30. Bb5 Re7 31. Bd3 Rd6 32. g4 fxg4+ 33. Kxg4
Rf7 34. Qc4 Qd4 35. Qxd4+ cxd4 36. h5 Rxd5 37. Re1 gxh5+ 38. Kf3 Kf6 39. Re8
Re7 40. Rf8+ Rf7 41. Re8 a5 42. Be4 Rb5 43. f5 Rxb2 44. Rd8 Ke5 45. Rd5+ Kf6
46. Rd6+ Ke7 47. Re6+ Kf8 48. f6 Rb3+ 49. Kf4 d3 50. Ke3 Rxf6 51. Rxf6+ Kg7 52.
Rd6 b5 53. Bxd3 b4 54. Kd2 a4 55. Kc2 h4 56. Rd4 h3 0-1

[Event "Tournoi francophone 007 Groupe D"]
[Site "Skype"]
[Date "????.??.??"]
[Round "2.2"]
[White "Lemoine, Gerard"]
[Black "Vervoort, Jean-Louis"]
[Result "1-0"]
[WhiteElo "1396"]
[BlackElo "1307"]
[PlyCount "119"]

1. d4 d5 2. c4 Nf6 3. Nc3 Bg4 4. Bg5 c6 5. h3 Bh5 6. Qd2 e6 7. e3 Bb4 8. a3
Bxc3 9. Qxc3 O-O 10. Bd3 h6 11. Bh4 Nbd7 12. c5 b6 13. b4 bxc5 14. bxc5 Rb8 15.
Rb1 Qc7 16. Ne2 Rb7 17. Nf4 Rfb8 18. Kd2 g5 19. Bg3 gxf4 20. Bxf4 Qd8 21. Bxb8
Qxb8 22. Rxb7 Qxb7 23. Rb1 Qc7 24. f4 Bg6 25. Qb4 Bxd3 26. Kxd3 Kg7 27. Qb7 Qa5
28. Qb4 Qa6+ 29. Kd2 Ne4+ 30. Kc1 Qf1+ 31. Kb2 Qxg2+ 32. Ka1 Qxh3 33. Qe1 Ng3
34. Qg1 Kh7 35. Rb7 Ne2 36. Qb1+ f5 37. Rxd7+ Kg6 38. Rxa7 Qxe3 39. Ra4 Kf6 40.
Qe1 Qc3+ 41. Qxc3 Nxc3 42. Ra6 h5 43. Kb2 h4 44. Kxc3 h3 45. Rb6 h2 46. Rb1 Kg6
47. Kd3 Kh5 48. Ke3 Kg4 49. Kf2 Kxf4 50. Rh1 Ke4 51. Rxh2 Kxd4 52. Rh4+ Kxc5
53. Ke3 e5 54. Rb4 d4+ 55. Kd3 e4+ 56. Kd2 e3+ 57. Kd3 e2 58. Kxe2 f4 59. Kd3
f3 60. Rxd4 1-0

[Event "Tournoi francophone 007 Groupe D"]
[Site "Skype"]
[Date "????.??.??"]
[Round "2.4"]
[White "Guillaume, Mickael"]
[Black "Battaglia, Gabriele"]
[Result "0-1"]
[WhiteElo "1282"]
[BlackElo "1264"]
[PlyCount "32"]

1. e4 e5 2. Nf3 Nc6 3. Bc4 Be7 4. d4 d6 5. Nc3 Bg4 6. Be3 Nf6 7. d5 Na5 8. Be2
c5 9. Qd3 O-O 10. O-O Qd7 11. Rfe1 b6 12. Kf1 c4 13. Qd2 Rfc8 14. Ng1 b5 15.
Bxg4 Nxg4 16. Nce2 Nxh2# 0-1

[Event "Tournoi francophone 007 Groupe D"]
[Site "Skype"]
[Date "????.??.??"]
[Round "2.5"]
[White "Porcabeuf, Jean-Marc"]
[Black "Bustos, Ricardo"]
[Result "0-1"]
[WhiteElo "1224"]
[BlackElo "1250"]
[PlyCount "56"]

1. d4 Nf6 2. c3 d5 3. e3 e6 4. Nf3 Nbd7 5. Bd3 c5 6. O-O c4 7. Bc2 Bd6 8. Nbd2
O-O 9. Re1 Qc7 10. e4 e5 11. exd5 exd4 12. Nxc4 Qxc4 13. Nxd4 Qc7 14. Nf3 Re8
15. Rxe8+ Nxe8 16. Qd3 g6 17. Bd2 Ndf6 18. h3 Bf5 19. Qe3 Bxc2 20. Qh6 Bf8 21.
Qh4 Be7 22. Ng5 h5 23. Re1 Nxd5 24. Qd4 Qc6 25. Rxe7 Nxe7 26. Nf3 Nd6 27. Bh6
Nef5 28. Bf4 Nxd4 0-1

[Event "Tournoi francophone 007 Groupe D"]
[Site "Skype"]
[Date "????.??.??"]
[Round "3.1"]
[White "Bustos, Ricardo"]
[Black "Farthouat, Catherine"]
[Result "1-0"]
[WhiteElo "1250"]
[BlackElo "1087"]
[PlyCount "105"]

1. c4 Nf6 2. Nc3 e5 3. g3 c5 4. Bg2 g6 5. e3 Nc6 6. a3 Bg7 7. Nge2 O-O 8. O-O
d6 9. b4 Bd7 10. b5 Na5 11. Qa4 Re8 12. d3 a6 13. Bd2 Qc7 14. Rab1 Rad8 15. b6
Qc8 16. Qxa5 Bc6 17. Nd5 Qf5 18. Nxf6+ Bxf6 19. e4 Qe6 20. f4 Rd7 21. Bc3 Bg7
22. Ba1 f5 23. fxe5 dxe5 24. Qd2 Red8 25. Qa2 Rxd3 26. Nc3 R3d4 27. Rbd1 Rxd1
28. Rxd1 Rxd1+ 29. Nxd1 Bxe4 30. Bxe4 fxe4 31. Qb3 Bh6 32. Qb2 Qxc4 33. Qxe5
Kf8 34. Qh8+ Qg8 35. Qxg8+ Kxg8 36. Nf2 e3 37. Ng4 e2 38. Kf2 Bg5 39. Kxe2 Bd8
40. Nf6+ Kf7 41. Nd7 Ke7 42. Nxc5 Bxb6 43. Nxb7 Bg1 44. h3 Bh2 45. Kf3 Bg1 46.
g4 Bb6 47. Bc3 Ke6 48. Ke4 Ke7 49. Kd5 Kd7 50. Nc5+ Kc7 51. Nxa6+ Kd7 52. Nc5+
Kc7 53. a4 1-0

[Event "Tournoi francophone 007 Groupe D"]
[Site "Skype"]
[Date "????.??.??"]
[Round "3.2"]
[White "Battaglia, Gabriele"]
[Black "Porcabeuf, Jean-Marc"]
[Result "0-1"]
[WhiteElo "1264"]
[BlackElo "1224"]
[PlyCount "54"]

1. Nf3 d5 2. g3 Nf6 3. Bg2 Bf5 4. O-O Nc6 5. d3 e5 6. Nbd2 Bc5 7. h3 O-O 8. Re1
Re8 9. e4 dxe4 10. dxe4 Be6 11. Nf1 Qc8 12. Bd2 Bxh3 13. N1h2 Ng4 14. Nxg4 Bxg4
15. c4 Bd4 16. Qc2 Qe6 17. Rad1 Qf6 18. Qb3 Bb6 19. Bc3 Bxf3 20. Rd3 Bg4 21.
Rf1 Nd4 22. Bxd4 Bxd4 23. Rd2 Rad8 24. Qxb7 h5 25. Qxc7 h4 26. c5 hxg3 27. c6
Qh6 0-1

[Event "Tournoi francophone 007 Groupe D"]
[Site "Skype"]
[Date "????.??.??"]
[Round "3.3"]
[White "Bucherie, Volcy"]
[Black "Guillaume, Mickael"]
[Result "0-1"]
[WhiteElo "1255"]
[BlackElo "1282"]
[PlyCount "48"]

1. e4 c5 2. d4 cxd4 3. Qxd4 Nc6 4. Qa4 e5 5. Nf3 a6 6. Bc4 b5 7. Bxf7+ Kxf7 8.
Nxe5+ Nxe5 9. Qb3+ Ke8 10. O-O Nf6 11. Nc3 Bb7 12. Bg5 Be7 13. a4 Nxe4 14. Nxe4
Bxe4 15. Bxe7 Qxe7 16. axb5 axb5 17. Qxb5 Rxa1 18. Rxa1 Kf7 19. Qb3+ Qe6 20.
Qe3 Bxc2 21. Ra7 Rd8 22. Qf4+ Kg8 23. Rc7 Qd6 24. Rxc2 Qd1# 0-1

[Event "Tournoi francophone 007 Groupe D"]
[Site "Skype"]
[Date "????.??.??"]
[Round "3.4"]
[White "Vervoort, Jean-Louis"]
[Black "Moumtaz, Abderrahim"]
[Result "0-1"]
[WhiteElo "1307"]
[BlackElo "1338"]
[PlyCount "110"]

1. d4 d5 2. c4 c6 3. Nc3 Nf6 4. Bg5 Bf5 5. Bxf6 exf6 6. e3 Bd6 7. Nf3 Be7 8.
Bd3 Bxd3 9. Qxd3 O-O 10. O-O Na6 11. a3 Re8 12. Rac1 Qc7 13. cxd5 cxd5 14. Nxd5
Qd7 15. Nf4 Rac8 16. e4 Nc5 17. dxc5 Qxd3 18. Nxd3 Rc6 19. b4 Re6 20. e5 fxe5
21. Nfxe5 Bg5 22. Nf3 Bxc1 23. Rxc1 f6 24. b5 Rd8 25. Rc3 Rc8 26. a4 b6 27. c6
Re4 28. Ra3 Re2 29. Kf1 Rce8 30. c7 R2e7 31. Rc3 Rc8 32. Nb4 Rexc7 33. Rxc7
Rxc7 34. Na6 Rc4 35. a5 bxa5 36. Nd2 Rc3 37. Ne4 Rd3 38. Ke2 Rd8 39. Nc7 a4 40.
Nc3 Rc8 41. Nxa4 Rxc7 42. Kd3 Rb7 43. Kc4 Rc7+ 44. Kb4 Rc2 45. Ka5 Rxf2 46. Ka6
Ra2 47. Kxa7 Rxa4+ 48. Kb6 Ra2 49. Kc7 Rxg2 50. b6 Rxh2 51. b7 Rb2 52. b8=Q+
Rxb8 53. Kxb8 h5 54. Kc7 h4 55. Kd6 h3 0-1

[Event "Tournoi francophone 007 Groupe D"]
[Site "Skype"]
[Date "????.??.??"]
[Round "3.5"]
[White "Riviere, Perrine"]
[Black "Lemoine, Gerard"]
[Result "0-1"]
[WhiteElo "1276"]
[BlackElo "1396"]
[PlyCount "46"]

1. e4 e6 2. d4 d5 3. exd5 exd5 4. Bd3 c5 5. dxc5 Bxc5 6. Nf3 Qb6 7. O-O Bd7 8.
Re1+ Ne7 9. Re2 O-O 10. b3 Bg4 11. Be3 Bxf3 12. Bxc5 Bxe2 13. Qxe2 Qxc5 14. c4
Nbc6 15. Nc3 d4 16. Qe4 Ng6 17. Nd5 Rae8 18. Qf5 Qd6 19. g3 Qe6 20. Kf1 Qxf5
21. Bxf5 Nce7 22. Be4 Nxd5 23. Bxd5 Re7 0-1

[Event "Tournoi francophone 007 Groupe D"]
[Site "Skype"]
[Date "????.??.??"]
[Round "4.1"]
[White "Farthouat, Catherine"]
[Black "Lemoine, Gerard"]
[Result "0-1"]
[WhiteElo "1087"]
[BlackElo "1396"]
[PlyCount "68"]

1. c4 d5 2. b3 Bf5 3. Nf3 Bxb1 4. Rxb1 Nf6 5. d3 c6 6. Bd2 e6 7. g3 Bc5 8. e3
O-O 9. Bg2 Bb6 10. O-O Ba5 11. b4 Bc7 12. Qc2 a6 13. a3 Nbd7 14. Bc3 Re8 15.
Rbd1 e5 16. Rfe1 b6 17. d4 Ne4 18. Bb2 b5 19. cxd5 cxd5 20. dxe5 Nxe5 21. Nxe5
Bxe5 22. Bxe4 Bxb2 23. Qxb2 Rxe4 24. Rd2 Ra7 25. Red1 Rd7 26. Qb3 d4 27. Qd3
Qe7 28. exd4 Re1+ 29. Rxe1 Qxe1+ 30. Kg2 Qe8 31. d5 Re7 32. d6 Rd7 33. Re2 Qa8+
34. Kf1 Qh1# 0-1

[Event "Tournoi francophone 007 Groupe D"]
[Site "Skype"]
[Date "????.??.??"]
[Round "4.2"]
[White "Moumtaz, Abderrahim"]
[Black "Riviere, Perrine"]
[Result "1-0"]
[WhiteElo "1338"]
[BlackElo "1276"]
[PlyCount "75"]

1. d4 d5 2. c4 dxc4 3. e4 Nf6 4. Nc3 Bg4 5. Nf3 Nc6 6. Be3 e5 7. d5 Bxf3 8.
gxf3 Na5 9. Qa4+ Qd7 10. Qxa5 c6 11. Bxc4 Qd6 12. dxc6 Qb4 13. Qxb4 Bxb4 14.
cxb7 Rb8 15. Bxa7 Rxb7 16. Be3 O-O 17. Rb1 Bxc3+ 18. Bd2 Bxd2+ 19. Kxd2 Rd8+
20. Bd3 Rd4 21. Rhc1 g6 22. Rc5 Nd7 23. Rc4 Nf6 24. Rxd4 exd4 25. b3 Nh5 26.
Bc4 Nf4 27. a3 Re7 28. b4 Kg7 29. b5 f5 30. exf5 Re2+ 31. Kd1 Re8 32. b6 gxf5
33. b7 Rb8 34. a4 Kf6 35. a5 Ne6 36. a6 Nc7 37. a7 Rd8 38. b8=Q 1-0

[Event "Tournoi francophone 007 Groupe D"]
[Site "Skype"]
[Date "????.??.??"]
[Round "4.3"]
[White "Guillaume, Mickael"]
[Black "Vervoort, Jean-Louis"]
[Result "1-0"]
[WhiteElo "1282"]
[BlackElo "1307"]
[PlyCount "69"]

1. d4 d5 2. e3 Nf6 3. Nd2 Nc6 4. a3 Bg4 5. f3 Bh5 6. c4 e6 7. Bd3 Bd6 8. b3 Ne7
9. c5 Bxc5 10. dxc5 c6 11. Bb2 O-O 12. Bxf6 gxf6 13. Qc2 Bg6 14. O-O-O Qa5 15.
a4 b6 16. cxb6 axb6 17. Bxg6 fxg6 18. Kb2 Qb4 19. Ra1 Ra5 20. Ne2 Rfa8 21. Nd4
Kf7 22. Nxc6 Nxc6 23. Qxc6 Qxd2+ 24. Qc2 Qb4 25. Rhd1 Rxa4 26. Rd4 Qb5 27.
Raxa4 Rxa4 28. Rxa4 f5 29. h4 Kf6 30. Qc3+ e5 31. f4 Qe2+ 32. Ka3 b5 33. Qxe5+
Kf7 34. Ra7+ Kf8 35. Qb8# 1-0

[Event "Tournoi francophone 007 Groupe D"]
[Site "Skype"]
[Date "????.??.??"]
[Round "4.4"]
[White "Porcabeuf, Jean-Marc"]
[Black "Bucherie, Volcy"]
[Result "0-1"]
[WhiteElo "1224"]
[BlackElo "1255"]
[PlyCount "116"]

1. d4 c5 2. Nf3 Nf6 3. Nc3 cxd4 4. Nxd4 e5 5. Nf3 Nc6 6. e4 Bb4 7. Bc4 Nxe4 8.
O-O Nxc3 9. bxc3 Bxc3 10. Rb1 O-O 11. Bg5 Qa5 12. a3 e4 13. Nh4 Qxg5 14. g3 b5
15. Rxb5 Qe7 16. Nf5 Qxa3 17. Bd5 a6 18. Qg4 axb5 19. Re1 d6 20. Rxe4 Qc1+ 21.
Kg2 Qxc2 22. Bxc6 Bxf5 23. Qxf5 Ra2 24. Qf3 Ba1 25. Bxb5 d5 26. Re2 Qb1 27.
Qxd5 Rxe2 28. Bxe2 Qe1 29. Bc4 h6 30. Qf5 Qc3 31. Bd3 Qc6+ 32. Kh3 Qc8 33. g4
Qxf5 34. Bxf5 Bd4 35. f4 g6 36. Be4 f5 37. gxf5 gxf5 38. Bd5+ Kg7 39. Kh4 Bf6+
40. Kh5 Rd8 41. h4 Rb8 42. Bb7 Rd8 43. Bd5 Rd6 44. Be6 Rd4 45. Bxf5 Rxf4 46.
Bg4 Rf1 47. Bf3 Rxf3 48. Kg4 Rf1 49. Kg3 h5 50. Kg2 Rf4 51. Kg3 Rxh4 52. Kg2
Kg6 53. Kg3 Kf5 54. Kg2 Rd4 55. Kh3 h4 56. Kh2 Kg4 57. Kh1 Kg3 58. Kg1 Rd1# 0-1

[Event "Tournoi francophone 007 Groupe D"]
[Site "Skype"]
[Date "????.??.??"]
[Round "4.5"]
[White "Bustos, Ricardo"]
[Black "Battaglia, Gabriele"]
[Result "0-1"]
[WhiteElo "1250"]
[BlackElo "1264"]
[PlyCount "46"]

1. d4 d5 2. c4 e6 3. Nc3 Nf6 4. Bg5 g6 5. Nf3 Bg7 6. e3 O-O 7. Be2 Nbd7 8. cxd5
exd5 9. Nxd5 Re8 10. Nxf6+ Bxf6 11. Bf4 c5 12. Be5 Qa5+ 13. Qd2 Qxd2+ 14. Nxd2
Nxe5 15. dxe5 Bxe5 16. Nf3 Bxb2 17. Rb1 Bc3+ 18. Kf1 b6 19. Rb3 Ba5 20. Bc4 Bg4
21. Ke2 Rad8 22. Bb5 Rd2+ 23. Kf1 Rd1+ 0-1

[Event "Tournoi francophone 007 Groupe D"]
[Site "Skype"]
[Date "????.??.??"]
[Round "5.1"]
[White "Battaglia, Gabriele"]
[Black "Farthouat, Catherine"]
[Result "0-1"]
[WhiteElo "1264"]
[BlackElo "1087"]
[PlyCount "62"]

1. Nf3 Nf6 2. g3 d5 3. Bg2 c5 4. O-O Nc6 5. d3 e6 6. Nbd2 Be7 7. e4 d4 8. Re1
e5 9. h4 O-O 10. Nf1 h6 11. N3h2 Be6 12. f4 exf4 13. Bxf4 Qd7 14. e5 Nd5 15.
Bd2 f6 16. Nf3 fxe5 17. Nxe5 Nxe5 18. Rxe5 Bd6 19. Rh5 Bg4 20. Bxd5+ Kh7 21.
Be4+ Kh8 22. Qe1 Bxh5 23. c3 Rae8 24. cxd4 cxd4 25. Kg2 Bf3+ 26. Kh2 Bxe4 27.
dxe4 Qg4 28. Bb4 Rxe4 29. Qxe4 Qxe4 30. Nd2 Qe2+ 31. Kh3 Bxb4 0-1

[Event "Tournoi francophone 007 Groupe D"]
[Site "Skype"]
[Date "????.??.??"]
[Round "5.3"]
[White "Vervoort, Jean-Louis"]
[Black "Porcabeuf, Jean-Marc"]
[Result "1-0"]
[WhiteElo "1307"]
[BlackElo "1224"]
[PlyCount "87"]

1. d4 d5 2. c4 c6 3. Nf3 Nd7 4. Nc3 h6 5. cxd5 cxd5 6. Nxd5 e6 7. Nc3 Ngf6 8.
e4 b6 9. e5 Nh7 10. Bd3 Be7 11. O-O Bb7 12. Qe2 O-O 13. Bxh7+ Kxh7 14. Qd3+ Kg8
15. a3 f5 16. b4 f4 17. Ne4 Bxe4 18. Qxe4 Bg5 19. Bb2 Rc8 20. Qb7 Rc7 21. Qa6
Nb8 22. Qd3 Rcf7 23. Rac1 Bh4 24. Rc2 Nd7 25. Qa6 Nxe5 26. dxe5 Bxf2+ 27. Kxf2
Rf5 28. Kg1 h5 29. Rfc1 h4 30. h3 Qe8 31. Qxa7 Qg6 32. Nxh4 Qg3 33. Nxf5 Rxf5
34. Qxb6 Rg5 35. Qxe6+ Kh7 36. Rf2 f3 37. Rc8 fxg2 38. Qg8+ Kg6 39. Rc7 Qxf2+
40. Kxf2 g1=Q+ 41. Ke2 Qg2+ 42. Kd3 Qxb2 43. Qxg7+ Kh5 44. Qh7# 1-0

[Event "Tournoi francophone 007 Groupe D"]
[Site "Skype"]
[Date "????.??.??"]
[Round "5.4"]
[White "Riviere, Perrine"]
[Black "Guillaume, Mickael"]
[Result "0-1"]
[WhiteElo "1276"]
[BlackElo "1282"]
[PlyCount "24"]

1. e4 e5 2. Nf3 Nc6 3. Nc3 Nf6 4. d4 exd4 5. Nxd4 Nxd4 6. Qxd4 d6 7. e5 dxe5 8.
Qxe5+ Be7 9. Bg5 Ng4 10. Qxg7 Bxg5 11. Qxh8+ Ke7 12. Qxh7 Qd2# 0-1

[Event "Tournoi francophone 007 Groupe D"]
[Site "Skype"]
[Date "????.??.??"]
[Round "5.5"]
[White "Lemoine, Gerard"]
[Black "Moumtaz, Abderrahim"]
[Result "1-0"]
[WhiteElo "1396"]
[BlackElo "1338"]
[PlyCount "91"]

1. d4 d5 2. e3 c6 3. Bd3 Nf6 4. f4 Bg4 5. Nf3 e6 6. O-O Be7 7. Nbd2 O-O 8. c3
Nbd7 9. h3 Bh5 10. a3 Nb6 11. Bc2 Nc4 12. g4 Nxd2 13. Bxd2 Nxg4 14. hxg4 Bxg4
15. Be1 Bf5 16. Ng5 Bxc2 17. Qxc2 f5 18. Nxe6 Qd7 19. Nxf8 Rxf8 20. b3 Rf6 21.
Rf3 Rg6+ 22. Bg3 Qe6 23. Qf2 Bh4 24. Kg2 Rg4 25. Rg1 Qe4 26. Kh3 Qe7 27. Bxh4
Rxh4+ 28. Qxh4 Qxh4+ 29. Kxh4 g6 30. b4 b5 31. Rfg3 Kf7 32. Kg5 Kg7 33. Kh4 Kf6
34. Rg5 Kg7 35. Kh3 Kf6 36. Kh2 Ke6 37. R1g2 Kf6 38. Kg1 Kg7 39. Kf2 Kf6 40.
Ke2 Ke6 41. Kd2 Kd6 42. Kc2 Ke6 43. Kb3 Kd6 44. Rh2 Ke6 45. Rxh7 Kf6 46. Rxa7
1-0

[Event "Tournoi francophone 007 Groupe D"]
[Site "Skype"]
[Date "????.??.??"]
[Round "6.1"]
[White "Farthouat, Catherine"]
[Black "Moumtaz, Abderrahim"]
[Result "1-0"]
[WhiteElo "1087"]
[BlackElo "1338"]
[PlyCount "79"]

1. c4 e5 2. Nc3 Nf6 3. d3 Nc6 4. g3 Bc5 5. e3 O-O 6. Bg2 d6 7. Nf3 Re8 8. O-O
Be6 9. b3 Qd7 10. Re1 Bg4 11. Bb2 Bb4 12. Qc2 e4 13. dxe4 Nxe4 14. Nxe4 Bxe1
15. Rxe1 Bf5 16. Qc3 f6 17. Nxf6+ gxf6 18. Qxf6 Rf8 19. Qh8+ Kf7 20. Qg7+ Ke8
21. e4 Qxg7 22. Bxg7 Rf7 23. exf5+ Re7 24. Rxe7+ Kxe7 25. f6+ Kf7 26. Ng5+ Kg6
27. f4 Re8 28. h4 h6 29. Be4+ Rxe4 30. Nxe4 Nd8 31. g4 Nf7 32. h5+ Kh7 33. g5
hxg5 34. fxg5 d5 35. g6+ Kg8 36. gxf7+ Kxf7 37. cxd5 a6 38. h6 Kg6 39. d6 cxd6
40. Nxd6 1-0

[Event "Tournoi francophone 007 Groupe D"]
[Site "Skype"]
[Date "????.??.??"]
[Round "6.2"]
[White "Guillaume, Mickael"]
[Black "Lemoine, Gerard"]
[Result "0-1"]
[WhiteElo "1282"]
[BlackElo "1396"]
[PlyCount "56"]

1. e4 e6 2. d4 d5 3. Nc3 Bb4 4. Nge2 Ne7 5. e5 c5 6. a3 Bxc3+ 7. Nxc3 Nf5 8.
dxc5 Nc6 9. Bd3 Nxe5 10. Bxf5 exf5 11. Qxd5 Qe7 12. Bf4 Nd3+ 13. Kf1 Nxf4 14.
Re1 Qxe1+ 15. Kxe1 Nxd5 16. Nxd5 O-O 17. Nc7 Rb8 18. f3 Bd7 19. b4 f4 20. Kf2
Bc6 21. c4 Rfd8 22. Rc1 Rd2+ 23. Kg1 Rbd8 24. b5 Rd1+ 25. Rxd1 Rxd1+ 26. Kf2
Bd7 27. Na8 Rd4 28. b6 a6 0-1

[Event "Tournoi francophone 007 Groupe D"]
[Site "Skype"]
[Date "????.??.??"]
[Round "6.3"]
[White "Porcabeuf, Jean-Marc"]
[Black "Riviere, Perrine"]
[Result "0-1"]
[WhiteElo "1224"]
[BlackElo "1276"]
[PlyCount "44"]

1. d4 d5 2. c4 dxc4 3. e4 Nc6 4. Bxc4 Nxd4 5. Be3 e5 6. Qh5 Be6 7. Bxe6 Nxe6 8.
Qxe5 Bb4+ 9. Nc3 Nf6 10. Nf3 Bxc3+ 11. Qxc3 Nxe4 12. Qb4 c6 13. Qxe4 Qa5+ 14.
Bd2 Qc5 15. O-O O-O-O 16. Bb4 Qb6 17. a4 Nd4 18. a5 Nxf3+ 19. Qxf3 Qxb4 20. a6
Qxb2 21. Rfb1 Qd4 22. Rxb7 Qxa1+ 0-1

[Event "Tournoi francophone 007 Groupe D"]
[Site "Skype"]
[Date "????.??.??"]
[Round "6.4"]
[White "Bustos, Ricardo"]
[Black "Vervoort, Jean-Louis"]
[Result "1-0"]
[WhiteElo "1250"]
[BlackElo "1307"]
[PlyCount "27"]

1. d4 d5 2. Nf3 Nf6 3. c4 c6 4. Nc3 Bg4 5. e3 e6 6. Be2 Bd6 7. c5 Bc7 8. O-O
O-O 9. Ne5 Nbd7 10. Nxg4 Nxg4 11. Bxg4 Qh4 12. g3 Qg5 13. e4 Nf6 14. Bxg5 1-0

[Event "Tournoi francophone 007 Groupe D"]
[Site "Skype"]
[Date "????.??.??"]
[Round "6.5"]
[White "Battaglia, Gabriele"]
[Black "Bucherie, Volcy"]
[Result "1-0"]
[WhiteElo "1264"]
[BlackElo "1255"]
[PlyCount "99"]

1. Nf3 Nf6 2. g3 g6 3. Bg2 Bg7 4. O-O O-O 5. d3 d5 6. Nbd2 Bf5 7. Re1 c5 8. Nh4
Bg4 9. h3 Bf5 10. Nxf5 gxf5 11. c4 e6 12. Qc2 Nc6 13. cxd5 exd5 14. Qxc5 b6 15.
Qxc6 Rc8 16. Qb5 Rc5 17. Qa4 Ra5 18. Qh4 Re8 19. Nb3 Rb5 20. Nd4 Rb4 21. a3 Nd7
22. Qxd8 Rxd8 23. Nc6 Bxb2 24. Rb1 Bc3 25. axb4 Bxe1 26. Nxd8 a5 27. Ba3 axb4
28. Bxb4 Bxb4 29. Rxb4 h5 30. Bxd5 Kg7 31. Bc6 Ne5 32. Ba4 Ng6 33. Rxb6 h4 34.
Ne6+ fxe6 35. Rxe6 hxg3 36. fxg3 f4 37. Kf2 fxg3+ 38. Kxg3 Nf8 39. Rb6 Kf7 40.
Kf4 Ke7 41. Ke5 Nd7+ 42. Bxd7 Kxd7 43. Kd5 Kc7 44. Rd6 Kb7 45. Rc6 Kb8 46. Kd6
Kb7 47. Kd7 Kb8 48. Rb6+ Ka7 49. Kc7 Ka8 50. Ra6# 1-0

[Event "Tournoi francophone 007 Groupe D"]
[Site "Skype"]
[Date "????.??.??"]
[Round "7.1"]
[White "Bucherie, Volcy"]
[Black "Farthouat, Catherine"]
[Result "0-1"]
[WhiteElo "1255"]
[BlackElo "1087"]
[PlyCount "84"]

1. c4 e5 2. e4 Nf6 3. Nc3 c5 4. Nf3 Nc6 5. d3 Be7 6. Nd5 O-O 7. Bg5 d6 8. Bxf6
Bxf6 9. Be2 Bd7 10. O-O Nd4 11. Nxd4 exd4 12. h3 Re8 13. Nxf6+ Qxf6 14. Bg4
Rad8 15. Qb3 b6 16. Qa3 a5 17. Qb3 Bxg4 18. hxg4 Rb8 19. Rae1 Qe5 20. f4 Qe6
21. f5 Qh6 22. Qd1 b5 23. a4 bxc4 24. dxc4 Rxb2 25. Re2 Rb4 26. Qc2 f6 27. Rf3
Qg5 28. Rb3 Qxg4 29. Rxb4 cxb4 30. c5 dxc5 31. Qc4+ Kh8 32. Qf7 Rg8 33. Rc2
Qxe4 34. Rxc5 h6 35. Rxa5 d3 36. Qd7 Qe3+ 37. Kh2 d2 38. Rb5 Qe2 39. Rxb4 d1=Q
40. Rd4 Qa1 41. Qa7 Qaa2 42. a5 Qxg2# 0-1